Kenya, report of the Regional Boundaries Commission. (Record no. 13087)
[ view plain ]
| 000 -LEADER | |
|---|---|
| fixed length control field | 00632nam a22001932 4500 |
| 001 - CONTROL NUMBER | |
| control field | 0000007386 |
| 005 - DATE AND TIME OF LATEST TRANSACTION | |
| control field | 20151217155834.0 |
| 008 - FIXED-LENGTH DATA ELEMENTS--GENERAL INFORMATION | |
| fixed length control field | 080121s xx 000 0 eng d |
| 020 ## - INTERNATIONAL STANDARD BOOK NUMBER | |
| Terms of availability | KES 12 |
| 040 ## - CATALOGING SOURCE | |
| Original cataloging agency | KABU |
| Transcribing agency | KABU |
| 110 2# - MAIN ENTRY--CORPORATE NAME | |
| Corporate name or jurisdiction name as entry element | Great Britain. |
| Subordinate unit | Kenya Regional Boundaries Commission. |
| -- | 0000158616 |
| 245 10 - TITLE STATEMENT | |
| Title | Kenya, report of the Regional Boundaries Commission. |
| 260 ## - PUBLICATION, DISTRIBUTION, ETC. (IMPRINT) | |
| Place of publication, distribution, etc. | London : |
| Name of publisher, distributor, etc. | Her Majesty's Stationery Office, |
| Date of publication, distribution, etc. | 1962. |
| 300 ## - PHYSICAL DESCRIPTION | |
| Extent | 113 p. |
| 650 #0 - SUBJECT ADDED ENTRY--TOPICAL TERM | |
| Topical term or geographic name as entry element | Kenya |
| General subdivision | Administrative and political divisions. |
| -- | 0000158617 |
| 908 ## - PUT COMMAND PARAMETER (RLIN) | |
| Put command parameter | 080121 |
| 950 ## - LOCAL HOLDINGS (RLIN) | |
| -- | 1 |
| Withdrawn status | Lost status | Source of classification or shelving scheme | Not for loan | Home library | Current library | Date acquired | Total Checkouts | Full call number | Barcode | Date last seen | Price effective from | Koha item type |
|---|---|---|---|---|---|---|---|---|---|---|---|---|
| Library of Congress Classification | Kabarak, Main Campus | Kabarak, Main Campus | 17/12/2015 | JS7648.3 .A6L7 | 011923 | 17/12/2015 | 17/12/2015 | Africana Collection |